000 00453nam a2200181Ia 4500
008 230524s9999 xx 000 0 und d
020 _a8121906660
082 _bIND
100 _aC.S. Indulkar
245 3 _aAn Introduction to Electrical Engineering Materials
250 _a6
260 _aNew Delhi
_bS.Chand
_c2014
300 _a"XI,379p;"
500 _aQuantity Number: 4
650 _aElectrical
700 _aS.Thiruvengadam
942 _cBK
999 _c57526
_d57526